000 01076nam a2200229 i 4500
001 116411
003 ES-MaACL
005 20260127062543.0
007 t|
008 061121s1930 sp |||| | spa d
100 1 _aOssorio y Gallardo, Ángel,
_d1873-1946
_9138613
245 1 3 _aEl seguro de vida y las normas ordinarias del derecho civil
_b: discurso de apertura del curso 1929-1930, celebrada el 25 de marzo de 1930 en la Real Academia de Jurisprudencia y Legislación /
_cÁngel Ossorio y Gallardo.
260 _aMadrid :
_bReus,
_c1930.
300 _a136 p. ;
_c19 cm.
490 1 _aPublicaciones de la Real Academia de Jurisprudencia y Legislación ;
_v79
594 _aDiscurso de apertura, el 25 de marzo de 1930, en la Real Academia de Jurisprudencia y Legislación.
650 0 7 _aSeguros de vida
_2embne
_917028
700 _aReal Academia de Jurisprudencia y Legislación de España
_9217612
830 0 _aPublicaciones de la Real Academia de Jurisprudencia y Legislación ;
_v79
_9180630
852 _aES-MaACL
_jF-13795
999 _c116411
_d116411